| 000 | 00632nam a2200217 a 4500 | ||
|---|---|---|---|
| 008 | |||
| 049 | _aMAIN | ||
| 090 |
_aGV481 _bMCG |
||
| 100 | 1 | _aMcGlynn, George. | |
| 245 | 1 | 0 |
_aDynamics of fitness : _ba practical approach / _cGeorge McGlynn. |
| 260 |
_aBoston : _bWCB McGraw- Hill _c1999. |
||
| 300 |
_axvi, 255 p. : _bill. ; _c23 cm. |
||
| 500 | _aIncludes index. | ||
| 504 | _aIncludes bibliographical references. | ||
| 650 | 0 | _aPhysical fitness. | |
| 907 |
_a.b10288077 _b13-05-11 _c24-11-10 |
||
| 003 | |||
| 005 | 20230120204048.0 | ||
| 040 | _cNUST | ||
| 942 |
_cBOOKS _kGV481 _mMCG |
||
| 999 |
_c116426 _d116426 |
||